| 000 | 00670nam a2200193 a 4500 | ||
|---|---|---|---|
| 005 | 20220921063530.0 | ||
| 008 | 070816s2005 mx r 000 0 spa d | ||
| 020 | _a8493432520 | ||
| 035 | _aUPN01000150935 | ||
| 049 | _aCG | ||
| 050 | 4 |
_aTL867 _bC3.3 |
|
| 100 | 1 | _aCasado Pérez, Francisco Javier | |
| 245 | 1 | 0 |
_aHouston, tenemos un problema : _bla historia de la exploración espacial a través de sus accidentes / _cFrancisco Javier Casado Pérez. |
| 260 |
_aMadrid : _bEl rompecabezas, _c2005. |
||
| 300 |
_a413 p. : _bil. |
||
| 650 | 7 |
_aAccidentes de vehículos espaciales _xHistoria _2 _98140 |
|
| 650 | 7 |
_aEspacio exterior _xExploración _2 _98480 |
|
| 905 | _aLibro | ||
| 999 |
_c123075 _d123075 |
||